Anak gajah

Bibliographic Details
Format: Book
Published: Kuala Lumpur : Fargoes , 2005
Series:Siri tekun membaca
Subjects:

MARC

LEADER 00000cam a2200000 7i4500
001 0000007043
005 20151222.0
008 070828
020 |a 9831283112 
090 0 0 |a JF   |b MOR JAW (6897) 
245 0 0 |a Anak gajah 
260 |a Kuala Lumpur :   |b Fargoes ,   |c 2005 
440 |a Siri tekun membaca 
500 |a Children ages 7-9 years old (orange) 
650 0 |a MoralxFiction 
999 |a 0000899627   |b Book   |c Children Collection   |e Cawangan Tmn. Ungku Tun Aminah 
999 |a 0000899628   |b Book   |c Children Collection   |e Cawangan Tmn. Ungku Tun Aminah 
999 |a 0000899631   |b Book   |c Children Collection   |e Cawangan Tangkak 
999 |a 0000899632   |b Book   |c Children Collection   |e Cawangan Tangkak 
999 |a 0000899635   |b Book   |c Children Collection   |e Cawangan Mersing 
999 |a 0000899636   |b Book   |c Children Collection   |e Cawangan Mersing 
999 |a 0000954595   |b Book   |c Children Collection   |e Perbadanan Perpustakaan Awam Johor 
999 |a 0000954596   |b Book   |c Children Collection   |e Perbadanan Perpustakaan Awam Johor 
999 |a 0000954597   |b Book   |c Children Collection   |e Perbadanan Perpustakaan Awam Johor 
999 |a 0000954598   |b Book   |c Children Collection   |e Perbadanan Perpustakaan Awam Johor 
999 |a 0000988466   |b Book   |c Children Collection   |e Cawangan Taman Universiti